Catálogo

INGENIERIA SANITARIA : (Registro nro. 11222)

Detalles MARC
000 -LEADER
fixed length control field 00480nam a2200157 a 4500
001 - CONTROL NUMBER
control field 11222
005 - DATE AND TIME OF LATEST TRANSACTION
control field 20180713195356.0
008 - FIXED-LENGTH DATA ELEMENTS--GENERAL INFORMATION
fixed length control field 140415s1985 000 0 spa d
041 ## - LANGUAGE CODE
Language code of text/sound track or separate title spa
082 ## - DEWEY DECIMAL CLASSIFICATION NUMBER
Classification number 628.2
Item number ING
245 00 - TITLE STATEMENT
Title INGENIERIA SANITARIA :
Remainder of title TRATAMIENTO, EVACUACION Y REUTILIZACION DE AGUAS RESIDENCIALES
250 ## - EDITION STATEMENT
Edition statement 2a ed.
260 ## - PUBLICATION, DISTRIBUTION, ETC.
Place of publication, distribution, etc. [s.l.] :
Name of publisher, distributor, etc. LABOR,
Date of publication, distribution, etc. 1985
300 ## - PHYSICAL DESCRIPTION
Extent 969
650 14 - SUBJECT ADDED ENTRY--TOPICAL TERM
Topical term or geographic name entry element BIODEGRADACION DE AGUAS DE ALBAAL
General subdivision INGENIERIA SANITARIA
Existencias
Withdrawn status Lost status Source of classification or shelving scheme Damaged status Not for loan Collection code Home library Current library Shelving location Date acquired Source of acquisition Inventory number Total Checkouts Full call number Barcode Date last seen Date last checked out Price effective from Koha item type
    Dewey Decimal Classification     General Biblioteca Karol Wojtyla Biblioteca Karol Wojtyla Sala general 03/12/2013 Compra 151000000000000000012226 6 628.2 ING 26639 05/01/2026 01/06/2022 03/12/2013 Libro
  No inventariado Dewey Decimal Classification       Biblioteca Karol Wojtyla Biblioteca Karol Wojtyla   03/12/2013 Compra     628 GUZ 53406     03/12/2013 Libro